Electronic devices and circuits / (Record no. 140843)

MARC details
000 -LEADER
fixed length control field 00551nam a22002057a 4500
005 - DATE AND TIME OF LATEST TRANSACTION
control field 20170607125202.0
010 ## - LCCN (DPL NO)
LC control number A-943294
020 ## - INTERNATIONAL STANDARD BOOK NUMBER
International Standard Book Number 8120312783
Terms of availability 195.00
035 ## - SYSTEM CONTROL NUMBER
System control number A-943294
037 ## - SOURCE OF ACQUISITION
Source of stock number/acquisition CL/Ret.
082 ## - DEWEY DECIMAL CLASSIFICATION NUMBER
Classification number 621.3815
100 ## - MAIN ENTRY--PERSONAL NAME
Personal name Bell,David A.
245 ## - TITLE STATEMENT
Title Electronic devices and circuits /
Statement of responsibility, etc by David A. Bell
250 ## - EDITION STATEMENT
Edition statement 3rd ed
260 ## - PUBLICATION, DISTRIBUTION, ETC. (IMPRINT)
Place of publication, distribution, etc New Delhi
Name of publisher, distributor, etc Prentice-Hall of India
Date of publication, distribution, etc 1998
300 ## - PHYSICAL DESCRIPTION
Extent xii,756p. :
Dimensions 24cm(pbk)
Other physical details ill.
490 ## - SERIES STATEMENT
Series statement
500 ## - GENERAL NOTE
General note Includes index
942 ## - ADDED ENTRY ELEMENTS (KOHA)
Source of classification or shelving scheme Dewey Decimal Classification
Item type English Books
Classification part 621.3815
Call number suffix BEL
Holdings
Withdrawn status Lost status Not for loan Collection code Home library Current library Date acquired Source of acquisition Cost, normal purchase price Full call number Barcode Copy number Cost, replacement price Koha item type
      Non-fiction Central Library Central Library 07/06/2017 CL/Ret. 195.00 621.3815 BEL A-943294 1 195.00 English Books

© Delhi Public Library
Hit Counter
free hit counter